Cut! /
Francesca Leliová se po bolestném vztahu rozhodla soustředit výhradně na práci. Jenže osud jí do cesty postaví Huntera Reeva – slavného herce s nevrle působící maskou a neodolatelným charismatem. Od první klapky mezi nimi panuje zakázané napětí a neodbytná touha. Oba vědí, že vztah na pracovišti je...
Uloženo v:
| Hlavní autor: | |
|---|---|
| Médium: | E-kniha |
| Jazyk: | Czech |
| Vydáno: |
Praha :
Albatros Media a.s.,
2026
|
| Tagy: |
Žádné tagy |
| LEADER | 01386nam a22002297i 4500 | ||
|---|---|---|---|
| 001 | 297593 | ||
| 007 | ta | ||
| 008 | 260416s2026 xr ||||| |||| 00| 0 cze d | ||
| 020 | |a 9788026928508 | ||
| 044 | |a xr | ||
| 100 | 1 | |a Carter, Tessa |4 aut | |
| 245 | 1 | 0 | |a Cut! / |c Carter, Tessa |
| 264 | 1 | |a Praha : |b Albatros Media a.s., |c 2026 | |
| 300 | |a 1 online zdroj (120 stran) | ||
| 336 | |a text |b txt |2 rdacontent | ||
| 337 | |a bez média |b n |2 rdamedia | ||
| 338 | |a online zdroj |b cr |2 rdacarrier | ||
| 520 | 2 | |a Francesca Leliová se po bolestném vztahu rozhodla soustředit výhradně na práci. Jenže osud jí do cesty postaví Huntera Reeva – slavného herce s nevrle působící maskou a neodolatelným charismatem. Od první klapky mezi nimi panuje zakázané napětí a neodbytná touha. Oba vědí, že vztah na pracovišti je nepřijatelný… ale vášnivý scénář hranice rychle stírá. Kde končí role a začínají skutečné city? | |
| 910 | |a RBIT002 | ||
| 998 | |d 426215 |a https://core.palmknihy.cz/api/books/426215/cover?tdhf9n |b https://core.palmknihy.cz/api/books/426215/cover/400?tdhf9n |c https://core.palmknihy.cz/api/books/426215/cover/50?tdhf9n |e 2036-12-31 |g 120 |i 9788026928508 |j https://core.palmknihy.cz/api/books/426215/preview.epub |k https://core.palmknihy.cz/api/books/426215/preview.pdf |l |q 49 |r 1 |s https://www.palmknihy.cz/kniha/426215 |t ebook |y 2026 |z 1 | ||
| 999 | |d 297591 | ||